Statistics for Dog breed anagram

Click here to take the quiz!

General Stats

  • This quiz has been taken 1,226 times
    (1,168 since last reset)
  • The average score is 15 of 20

Answer Stats

HintAnswer% Correct
UPGPUG
97%
REBOXBOXER
93%
GLEABEBEAGLE
91%
GULDLOBBULLDOG
91%
DOPOLEPOODLE
88%
AROLRABDLABRADOR
87%
TREAG NADEGREAT DANE
83%
OEBDAMRNDOBERMAN
79%
MANGER HERSPRHEGERMAN SHEPHERD
75%
KACJ SURLSLEJACK RUSSELL
75%
RCKCOE PALIENSCOCKER SPANIEL
74%
SHYUKHUSKY
74%
FISTFAMMASTIFF
73%
HSKORYRIE RIETRREYORKSHIRE TERRIER
73%
TSAEBS ONDUHBASSET HOUND
67%
GOCIRCORGI
65%
HDSACDUHNDACHSHUND
65%
OREUYNHDGGREYHOUND
64%
OSPHEDEGSHEEPDOG
63%
MANIATLADDALMATIAN
62%

Score Distribution

Percentile by Number Answered

Percent of People with Each Score

Your Score History

You have not taken this quiz since the last reset